000 01015nam a2200325 a 4500
001 6599
003 FISKH
005 20260410105911.0
008 940310s1994 ilua j 000 0 eng d
010 _a 94193809
020 _a1561562262 :
020 _a040296002265
040 _aOCl
_cOCl
_dDLC
_beng
050 _aQL737.C4 E48
082 _a599.5
100 1 _aEricson, Anton.
245 1 0 _aWhales & dolphins /
_cwritten by Anton Ericson.
260 _aChicago :
_bKidsbooks,
_c1994.
300 _a29 pages :
_bcolor illustrations ;
_c24 cm
440 0 _aEyes on nature
500 _aSpine title: Whales and dolphins.
520 _aA brief introduction to the physical characteristics, habits, and natural environment of various species of whales and dolphins.
650 0 _aWhales
_xJuvenile literature.
650 0 _aDolphins
_xJuvenile literature.
650 1 _aWhales.
650 1 _aDolphins.
906 _a7
_bcbc
_ccopycat
_d3
_encip
_f19
_gy-gencatlg
942 _2ddc
_cBK
_n0
999 _c6599
_d6599